Países y territorios dependientes de Oceanía - Estadísticas

Estadísticas generales
  • Esta prueba ha sido intentada 52 veces
  • La puntuación promedio es 24 de 34
Estadísticas de respuestas
Grupo Respuesta % Correcto
Países Australia
93%
Países E. F. Micronesia
93%
Países Islas Salomón
93%
Países Nueva Zelanda
93%
Países Samoa
93%
Países Islas Marshall
90%
Países Kiribati
90%
Países Nauru
90%
Países Papúa Nueva Guinea
90%
Países Tonga
90%
Países Fiyi
87%
Países Tuvalu
87%
Dependencias de Estados Unidos Guam
83%
Dependencias de Francia Nueva Caledonia
83%
Países Vanuatu
83%
Dependencias de Australia Isla de Navidad
80%
Países Palaos
80%
Dependencias de Nueva Zelanda Islas Cook
77%
Dependencias de Francia Polinesia Francesa
77%
Dependencias de Estados Unidos Samoa Americana
77%
Dependencias de Nueva Zelanda Tokelau
77%
Dependencias de Chile Isla de Pascua
73%
Dependencias de Nueva Zelanda Niue
73%
Dependencias de Australia Islas Cocos
70%
Dependencias de Estados Unidos Islas Marianas del Norte
70%
Países Transcontinentales Indonesia
67%
Dependencias de Australia Isla Norfolk
60%
Dependencias de Francia Wallis y Futuna
60%
Dependencias de Reino Unido Islas Pitcairn
57%
Dependencias de Estados Unidos Hawái
53%
Dependencias de Australia Islas del Mar Coral
23%
Dependencias de Australia Islas Ashmore y Cartier
13%
Dependencias de Estados Unidos Islas Ultramarinas Menores de los EEUU
13%
Dependencias de Chile Isla Salas y Gómez
7%
No se encontraron pruebas coincidentes
Distribución de puntuación
Porcentaje de gente con cada puntuación
Porcentaje por número respondido
Historial de tus puntuaciones
No has intentado esta prueba.